Zákonník práce a cezhraničné zamestnávanie po poslednej novele

Guardado en:
Detalles Bibliográficos
Otros Autores: Dišeková, Anna
Formato: Libro
Lenguaje:eslovaco
Publicado: Žilina Poradca 2016
Materias:
Etiquetas: Agregar Etiqueta
Sin Etiquetas, Sea el primero en etiquetar este registro!

MARC

LEADER 00000nam a2200000 4500
001 0228123
005 20230109073213.9
020 |a 978-80-8162-020-1 
041 0 |a slo 
044 |a SK 
245 1 0 |a Zákonník práce a cezhraničné zamestnávanie  |b po poslednej novele  |c zodpovedná redaktorka: Anna Dišeková 
264 1 |a Žilina  |b Poradca  |c 2016 
300 |a 112 s. 
500 |a Účinnosť 18.6.2016. 
610 2 0 |a zákonník práce 
610 2 0 |a zamestnávatelia 
610 2 0 |a spolupráca cezhraničná 
610 2 0 |a práca v zahraničí 
610 2 0 |a Slovensko 
610 2 0 |a 2016 
700 1 |a Dišeková, Anna